[Event "Oruro Baptista Memorial"]
[Site "Oruro"]
[Date "2023.11.05"]
[Round "9"]
[White "Cordero, Daniela"]
[Black "Rossi, Vittorio"]
[Result "1-0"]
[WhiteElo "2029"]
[BlackElo "1930"]
[PlyCount "91"]
[EventDate "2023.11.01"]
[EventType "swiss"]
[EventRounds "9"]
[EventCountry "BOL"]
[SourceTitle "Mega2024 Update 01"]
[Source "Chessbase"]
[SourceDate "2023.11.12"]
[SourceVersion "1"]
[SourceVersionDate "2023.11.12"]
[SourceQuality "1"]

1. d4 Nf6 2. Nf3 e6 3. e3 c5 4. Bd3 d5 5. b3 cxd4 6. exd4 b6 7. Bb5+ Nbd7 8. Bc6 Ba6 9. Bxa8 Qxa8 10. Bb2 Bd6 11. Nbd2 0-0 12. c4 dxc4 13. bxc4 Ne4 14. 0-0 Ndf6 15. Re1 Bb4 16. Nxe4 Nxe4 17. Re3 Bd6 18. Qa4 Bb7 19. Ba3 Bc6 20. Qb3 Rc8 21. Rd1 b5 22. Bxd6 Nxd6 23. cxb5 Nxb5 24. d5 exd5 25. Ne5 Be8 26. a4 d4 27. Ree1 Nc7 28. Rxd4 Ne6 29. Rg4 a5 30. h4 Qa7 31. h5 h6 32. Nc4 Qc7 33. Qe3 Kh8 34. Ne5 Qb7 35. Nc4 Qc7 36. Nb6 Rb8 37. Rc1 Qb7 38. Nc4 Ra8 39. Nd6 Qd7 40. Nxe8 Rxe8 41. Qc3 Qd8 42. Re1 Ng5 43. Rxe8+ Qxe8 44. Rc4 Qd7 45. Rc8+ Kh7 46. Qc2+ 1-0

[Event "Oruro Baptista Memorial"]
[Site "Oruro"]
[Date "2023.11.03"]
[Round "6"]
[White "Rossi, Vittorio"]
[Black "Rosas Navarro, Bruno Shahid"]
[Result "1-0"]
[WhiteElo "1930"]
[BlackElo "1476"]
[PlyCount "62"]
[EventDate "2023.11.01"]
[EventType "swiss"]
[EventRounds "9"]
[EventCountry "BOL"]
[SourceTitle "Mega2024 Update 01"]
[Source "Chessbase"]
[SourceDate "2023.11.12"]
[SourceVersion "1"]
[SourceVersionDate "2023.11.12"]
[SourceQuality "1"]

1. e4 e6 2. d4 d5 3. Nc3 dxe4 4. Nxe4 Be7 5. Nf3 Nf6 6. Bd3 Nbd7 7. Qe2 b6 8. 0-0 Bb7 9. Re1 0-0 10. Bf4 Nd5 11. Bd2 Re8 12. c3 c5 13. Rad1 Qc7 14. Bb1 Rad8 15. Bg5 N7f6 16. dxc5 Bxc5 17. Nxf6+ gxf6 18. Bh4 Be7 19. Bg3 Qc8 20. Nh4 f5 21. Qh5 Nf6 22. Qg5+ Kh8 23. Be5 Bd5 24. Bxf6+ Bxf6 25. Qxf6+ Kg8 26. Bxf5 Bxa2 27. Qh6 exf5 28. Qg5+ Kh8 29. Nxf5 Qxf5 30. Qxf5 Rxe1+ 31. Rxe1 Be6 1-0

[Event "Oruro Baptista Memorial"]
[Site "Oruro"]
[Date "2023.11.02"]
[Round "3"]
[White "Laura Cabrera, Jhon Magno"]
[Black "Rossi, Vittorio"]
[Result "1/2-1/2"]
[WhiteElo "1440"]
[BlackElo "1930"]
[PlyCount "93"]
[EventDate "2023.11.01"]
[EventType "swiss"]
[EventRounds "9"]
[EventCountry "BOL"]
[SourceTitle "Mega2024 Update 01"]
[Source "Chessbase"]
[SourceDate "2023.11.12"]
[SourceVersion "1"]
[SourceVersionDate "2023.11.12"]
[SourceQuality "1"]

1. e4 e5 2. Nf3 Nc6 3. Bb5 d6 4. c3 Nf6 5. d3 Be7 6. h3 Bd7 7. 0-0 0-0 8. Re1 Na5 9. Bxd7 Nxd7 10. Nbd2 c5 11. Nf1 b5 12. Ne3 Re8 13. d4 Bf8 14. Nd5 Nb6 15. b3 exd4 16. cxd4 Nxd5 17. exd5 c4 18. bxc4 Nxc4 19. a4 bxa4 20. Rxa4 Nb6 21. Ra5 Qc7 22. Bf4 Rxe1+ 23. Qxe1 Qc4 24. Qe4 Qb4 25. Ra1 Qc4 26. Ra5 Nd7 27. Kh2 Nf6 28. Qf5 Qc7 29. Ra6 Qb7 30. Ra5 Qb6 31. Bd2 Be7 32. g4 h6 33. g5 hxg5 34. Nxg5 Qxd4 35. Be3 Qd1 36. Rb5 g6 37. Qf4 Rf8 38. Rb7 Nxd5 39. Qe4 Nxe3 40. Qxe7 Nf5 41. Qf6 Qc2 42. Kg1 Qc1+ 43. Kh2 Qf4+ 44. Kg1 Ng3 45. Qxf4 Ne2+ 46. Kh2 Nxf4 47. Rxa7 1/2-1/2

[Event "Oruro Baptista Memorial"]
[Site "Oruro"]
[Date "2023.11.02"]
[Round "4"]
[White "Rossi, Vittorio"]
[Black "Jimenez Mercado, Julio Esteban"]
[Result "1-0"]
[WhiteElo "1930"]
[BlackElo "1614"]
[PlyCount "85"]
[EventDate "2023.11.01"]
[EventType "swiss"]
[EventRounds "9"]
[EventCountry "BOL"]
[SourceTitle "Mega2024 Update 01"]
[Source "Chessbase"]
[SourceDate "2023.11.12"]
[SourceVersion "1"]
[SourceVersionDate "2023.11.12"]
[SourceQuality "1"]

1. Nf3 e6 2. b3 b6 3. Bb2 Bb7 4. e3 Nf6 5. Be2 Be7 6. 0-0 0-0 7. Ne5 d6 8. Bf3 c6 9. Ng4 Nxg4 10. Bxg4 f5 11. Bf3 Nd7 12. d4 d5 13. c4 Nf6 14. cxd5 cxd5 15. Ba3 Bxa3 16. Nxa3 Ne4 17. Qd3 Rf6 18. Rac1 Rh6 19. g3 g5 20. Rc2 g4 21. Bxe4 dxe4 22. Qe2 Qe8 23. h4 gxh3 24. Kh2 a5 25. Rfc1 Ba6 26. Nc4 Qg6 27. Qd1 Bxc4 28. Rxc4 Qg4 29. Rc6 Rb8 30. d5 Qxd1 31. Rxd1 Kg7 32. dxe6 Re8 33. Rd7+ Kg8 34. Rxb6 Rhxe6 35. Rxe6 Rxe6 36. Kxh3 Rc6 37. Kg2 Rc2 38. a4 Rb2 39. Rb7 h6 40. Rb5 Kg7 41. Rxf5 Rxb3 42. Rxa5 Ra3 43. Ra8 1-0

[Event "Oruro Baptista Memorial"]
[Site "Oruro"]
[Date "2023.11.01"]
[Round "2"]
[White "Rossi, Vittorio"]
[Black "Morales Estrada, Jhon Alfredo"]
[Result "1-0"]
[WhiteElo "1930"]
[BlackElo "1418"]
[PlyCount "113"]
[EventDate "2023.11.01"]
[EventType "swiss"]
[EventRounds "9"]
[EventCountry "BOL"]
[SourceTitle "Mega2024 Update 01"]
[Source "Chessbase"]
[SourceDate "2023.11.12"]
[SourceVersion "1"]
[SourceVersionDate "2023.11.12"]
[SourceQuality "1"]

1. e4 d5 2. exd5 Qxd5 3. d4 c6 4. c4 Qd8 5. Nc3 Bf5 6. Nf3 e6 7. Bd3 Bxd3 8. Qxd3 Nf6 9. 0-0 Be7 10. Bg5 h6 11. Bf4 0-0 12. Rad1 Nbd7 13. Rfe1 Re8 14. h3 Qa5 15. Ne5 Rad8 16. Qe2 Nxe5 17. dxe5 Nh7 18. a3 Rxd1 19. Rxd1 Rd8 20. Ne4 Rxd1+ 21. Qxd1 Qd8 22. Qxd8+ Bxd8 23. c5 Bc7 24. Nd6 Bxd6 25. cxd6 Kf8 26. Be3 a6 27. Kf1 Ke8 28. Ke2 Kd7 29. Kd3 Nf8 30. Ke4 Ke8 31. f4 Kd7 32. g4 Nh7 33. h4 Nf8 34. h5 g6 35. Bf2 Ke8 36. Bh4 gxh5 37. gxh5 Nd7 38. Be7 a5 39. Kd4 b6 40. b4 axb4 41. axb4 Nb8 42. Kc4 Nd7 43. Bh4 Nb8 44. Bf6 Kf8 45. Bd8 Nd7 46. b5 cxb5+ 47. Kxb5 Ke8 48. Bxb6 f6 49. exf6 Nxf6 50. Kc6 Nd7 51. Bd4 Kd8 52. Bg7 Ke8 53. Bxh6 Nb8+ 54. Kb5 Kd7 55. Bg7 Ke8 56. h6 Kf7 57. Kb6 1-0

[Event "Savigliano 6th"]
[Site "Savigliano"]
[Date "2007.06.02"]
[Round "3"]
[White "Borgo, Giulio"]
[Black "Rossi, Vittorio"]
[Result "1-0"]
[WhiteElo "2418"]
[BlackElo "2213"]
[PlyCount "43"]
[EventDate "2007.05.31"]
[EventType "swiss"]
[EventRounds "6"]
[EventCountry "ITA"]
[SourceTitle "EXT 2009"]
[Source "ChessBase"]
[SourceDate "2008.11.26"]
[SourceVersion "1"]
[SourceVersionDate "2008.11.26"]
[SourceQuality "1"]

1. e4 b6 2. d4 Bb7 3. Bd3 g6 4. f4 e6 5. c4 Bg7 6. Nf3 d6 7. 0-0 Ne7 8. Nc3 c5 9. d5 exd5 10. cxd5 0-0 11. Qe1 Nd7 12. Bd2 Nf6 13. Qh4 Qd7 14. h3 a6 15. Ne2 Rfe8 16. Bc3 c4 17. Bxf6 cxd3 18. Ng3 Rac8 19. f5 Bf8 20. b3 h6 21. Bd4 Rc2 22. Qf6 1-0

[Event "Torino Svolta op 2nd"]
[Site "Torino"]
[Date "2001.06.01"]
[Round "7"]
[White "Drazic, Sinisa"]
[Black "Rossi, Vittorio"]
[Result "1-0"]
[WhiteElo "2490"]
[BlackElo "1900"]
[PlyCount "39"]
[EventDate "2001.05.26"]
[EventType "swiss"]
[EventRounds "9"]
[EventCountry "ITA"]
[SourceTitle "EXT 2024"]
[Source "ChessBase"]
[SourceDate "2023.10.10"]
[SourceVersion "1"]
[SourceVersionDate "2023.10.10"]
[SourceQuality "1"]

1. d4 d5 2. c4 e6 3. g3 Nf6 4. Bg2 Be7 5. Nf3 0-0 6. 0-0 Nbd7 7. a4 b6 8. a5 Ba6 9. Ne5 Qc8 10. Nc3 Bb7 11. Qa4 a6 12. Bg5 Re8 13. Nxd7 Nxd7 14. Bxe7 Rxe7 15. cxd5 exd5 16. Bxd5 Bxd5 17. Nxd5 Rxe2 18. Rac1 b5 19. Qd1 Re4 20. Qf3 1-0

[Event "Torino Svolta op 2nd"]
[Site "Torino"]
[Date "2001.05.29"]
[Round "4"]
[White "Sarno, Spartaco"]
[Black "Rossi, Vittorio"]
[Result "1-0"]
[WhiteElo "2407"]
[BlackElo "1900"]
[PlyCount "153"]
[EventDate "2001.05.26"]
[EventType "swiss"]
[EventRounds "9"]
[EventCountry "ITA"]
[SourceTitle "EXT 2024"]
[Source "ChessBase"]
[SourceDate "2023.10.10"]
[SourceVersion "1"]
[SourceVersionDate "2023.10.10"]
[SourceQuality "1"]

1. c4 c6 2. Nf3 d5 3. b3 Nf6 4. Bb2 e6 5. g3 Nbd7 6. Bg2 Be7 7. 0-0 0-0 8. Qc2 Ne4 9. d3 Nd6 10. e4 dxe4 11. dxe4 Qc7 12. Nc3 Rd8 13. Rad1 Ne8 14. e5 b6 15. Ne4 Bb7 16. Nfg5 Nf8 17. f4 c5 18. Nf3 Rxd1 19. Rxd1 Rd8 20. Ne1 Rd7 21. Bc3 Qd8 22. Rxd7 Qxd7 23. Qd3 Bc6 24. Qxd7 Bxd7 25. Nc2 Ng6 26. a3 a5 27. Kf2 Bd8 28. b4 axb4 29. axb4 Ba4 30. Na3 cxb4 31. Bxb4 Ne7 32. Nc3 Bd7 33. Nc2 Nc6 34. Ba3 Na5 35. Ne3 Nb3 36. Ne4 b5 37. c5 Ba5 38. Nc2 Nc7 39. Nd6 b4 40. Nxb4 Bxb4 41. Bxb4 Na6 42. Ba3 Naxc5 43. Ke3 Na6 44. Nb7 Nb8 45. Bb4 Bc6 46. Bxc6 Nxc6 47. Bc3 Nc1 48. Na5 Na2 49. Nxc6 Nxc3 50. Kd4 Nd5 51. f5 Nc7 52. g4 Kf8 53. Kc5 Ke8 54. f6 gxf6 55. exf6 Nd5 56. g5 Nf4 57. Nd4 Nh3 58. Nf3 Kd7 59. Kd4 Ke8 60. Ke3 Kf8 61. Ne5 Ke8 62. Nf3 Kd7 63. Kd4 Ke8 64. Ke4 Kd7 65. Ne5+ Ke8 66. Ke3 Kf8 67. Nd3 Ke8 68. Nc5 Nxg5 69. h4 Nh3 70. Nd3 h6 71. Kf3 Kd7 72. Kg2 Ng5 73. hxg5 hxg5 74. Ne5+ Kd6 75. Nxf7+ Kd5 76. Nxg5 e5 77. f7 1-0

[Event "IECG C1.2000.0.00316"]
[Site "IECG email"]
[Date "2000.11.02"]
[Round "?"]
[White "Starace, Umberto"]
[Black "Rossi, Vittorio"]
[Result "1/2-1/2"]
[WhiteElo "1953"]
[BlackElo "2100"]
[PlyCount "33"]
[EventDate "2000.11.02"]
[EventType "tourn (corr)"]
[EventRounds "6"]
[SourceTitle "Corr 2008"]
[Source "ChessBase"]
[SourceDate "2008.06.24"]
[SourceVersion "1"]
[SourceVersionDate "2008.06.24"]
[SourceQuality "1"]

1. e4 e5 2. Nf3 Nc6 3. Bb5 a6 4. Ba4 Nf6 5. 0-0 b5 6. Bb3 Nxe4 7. d4 d5 8. dxe5 Be6 9. Nbd2 Nc5 10. c3 d4 11. Ng5 Qd7 12. cxd4 Nxd4 13. Bxe6 Ncxe6 14. Ndf3 Rd8 15. Nxd4 Nxd4 16. Be3 Be7 17. Rc1 1/2-1/2